Komentár k novému zákonu č. 540/2007 Z.z. o audítoroch, audite ...

Zákon č. 540/2007 Z.z. z 25. októbra 2007 o audítoroch, audite a dohľade nad výkonom auditu a o zmene a doplnení zákona č. 431/2002 Z.z. o účtovníctve v znení neskorších predpisov. Komentár k novému zákonu.

Gespeichert in:
Bibliographische Detailangaben
1. Verfasser: Fabová, Zdenka
Format: Buchkapitel
Sprache:Slowakisch
Schlagworte:
Tags: Tag hinzufügen
Keine Tags, Fügen Sie das erste Tag hinzu!

MARC

LEADER 00000naa$a2200000$$$4500
001 0070843
005 20231106073739.0
041 0 |a slo 
044 |a SK 
245 1 0 |a Komentár k novému zákonu č. 540/2007 Z.z. o audítoroch, audite ...  |c Zdenka Fabová 
520 |a Zákon č. 540/2007 Z.z. z 25. októbra 2007 o audítoroch, audite a dohľade nad výkonom auditu a o zmene a doplnení zákona č. 431/2002 Z.z. o účtovníctve v znení neskorších predpisov. Komentár k novému zákonu. 
610 2 0 |a audítorstvo 
610 2 0 |a audit 
610 2 0 |a audítori 
610 2 0 |a zákony 
610 2 0 |a Slovensko 
610 2 0 |a komentáre 
610 2 0 |a 2007 
100 1 |a Fabová, Zdenka